MARC

LEADER 00000nam0a2200000 4500
001 20064
005 20231030191931.0
035 |a (RuTPU)RU\TPU\book\20241 
035 |a BOOK00020311 
090 |a 20064 
100 |a 20011209d1972 k y0rusy50 ca 
101 0 |a rus 
102 |a RU 
105 |a y z 000zb 
200 1 |a Кьеркегор  |f Б. Э. Быховский 
210 |a Москва  |c Мысль  |d 1972 
215 |a 232 с. 
225 1 |a Мыслители прошлого 
600 1 |a Кьеркегор (Киркегор)  |g Серен  |b С.  |c датский философ  |c богослов  |f 1813 - 1855  |c писатель  |2 stltpui  |3 (RuTPU)RU\TPU\pers\251 
610 1 |a философия 
610 1 |a религиозная философия 
610 1 |a 19 век 
610 1 |a датская философия 
610 1 |a экзистенциализм 
686 |a Ю3(4)  |v LBC/SL-A  |2 rubbk 
700 1 |a Быховский  |b Б. Э.  |g Бернард Эммануилович 
801 0 |a RU  |b 63413507  |c 20011209  |g PSBO 
801 2 |a RU  |b 63413507  |c 20050316  |g PSBO 
942 |c BK